[Event "CAN-ch"]
[Site "Toronto CAN"]
[Date "2024.04.01"]
[Round "8.5"]
[White "Stevens, Christian"]
[Black "Preotu, Razvan"]
[Result "0-1"]
[WhiteElo "2260"]
[BlackElo "2467"]
[WhiteFideId "-1"]
[WhiteFideId "-1"]
[PlyCount "64"]
[GameId "2160767906035541"]
[EventDate "2024.03.27"]
[EventType "swiss"]
[EventRounds "10"]
[EventCountry "CAN"]

1. d4 Nf6 2. Nf3 g6 3. Nc3 d5 4. Bf4 Bg7 5. e3 O-O 6. Be2 c5 7. Ne5 cxd4 8. exd4 Nc6 9. O-O Bf5 10. Bf3 Rc8 11. Re1 Na5 12. g4 Be6 13. Nd3 Nc6 14. Ne5 Qb6 15. g5 Nh5 16. Bxh5 gxh5 17. Nxc6 Rxc6 18. Be5 Qxb2 19. Bxg7 Kxg7 20. Na4 Qxc2 21. Qxc2 Rxc2 22. Nc5 b6 23. Nxe6+ fxe6 24. Rxe6 Rfxf2 25. Rxe7+ Kg6 26. Rxa7 Rg2+ 27. Kf1 Rxh2 28. Kg1 h4 29. Rb1 h3 30. Rxb6+ Kf5 31. Rb1 Rcg2+ 32. Kf1 Rh1# 0-1

[Event "CAN-ch"]
[Site "Toronto CAN"]
[Date "2024.04.01"]
[Round "9.4"]
[White "Preotu, Razvan"]
[Black "Noritsyn, Nikolay"]
[Result "1-0"]
[WhiteElo "2467"]
[BlackElo "2451"]
[WhiteFideId "-1"]
[WhiteFideId "-1"]
[PlyCount "81"]
[GameId "2160767906035569"]
[EventDate "2024.03.27"]
[EventType "swiss"]
[EventRounds "10"]
[EventCountry "CAN"]

1. e4 c5 2. Nf3 d6 3. d4 cxd4 4. Nxd4 Nf6 5. Nc3 a6 6. Bg5 Nbd7 7. a3 e6 8. Bc4 h6 9. Be3 Ne5 10. Ba2 g5 11. h4 Rg8 12. hxg5 hxg5 13. f3 Bd7 14. Qd2 Qa5 15. O-O-O Rc8 16. Kb1 Be7 17. Bxg5 Nc4 18. Bxc4 Qxg5 19. Qd3 Qxg2 20. Nde2 Qg5 21. Rdg1 Qc5 22. Rxg8+ Nxg8 23. Bb3 Nf6 24. Rh8+ Bf8 25. f4 Bb5 26. Nxb5 axb5 27. Nd4 Ke7 28. Nxb5 Nxe4 29. Qxe4 Qxb5 30. Rh7 d5 31. Qe5 Ke8 32. Qf6 Rc7 33. f5 Qf1+ 34. Ka2 b5 35. Qe5 Qxf5 36. Qxc7 Qxh7 37. Qc8+ Ke7 38. Qc5+ Kd7 39. Qxf8 Qf5 40. a4 Qf1 41. Qc5 1-0

[Event "Excelsior March op"]
[Site "Toronto CAN"]
[Date "2024.03.15"]
[Round "1.3"]
[White "Singh Dhaliwal, Jaipreet"]
[Black "Preotu, Razvan"]
[Result "0-1"]
[WhiteElo "1745"]
[BlackElo "2545"]
[WhiteFideId "-1"]
[WhiteFideId "-1"]
[PlyCount "139"]
[GameId "2160767740051110"]
[EventDate "2024.03.15"]
[EventType "swiss"]
[EventRounds "5"]
[EventCountry "CAN"]
[TimeControl "90+30"]
[WhiteClock "0:00:55"]
[BlackClock "0:03:15"]

1. e4 {[%emt 0:00:00]} c5 {[%emt 0:00:00]} 2. Nf3 {[%emt 0:00:00]} d6 {[%emt 0:00:00]} 3. d4 {[%emt 0:00:00]} cxd4 {[%emt 0:00:00]} 4. Nxd4 {[%emt 0:00:00]} Nf6 {[%emt 0:00:00]} 5. Nc3 {[%emt 0:00:00]} a6 {[%emt 0:00:00]} 6. Be3 {[%emt 0:00:00]} e5 {[%emt 0:00:00]} 7. Nb3 {[%emt 0:00:00]} Be6 {[%emt 0:00:00]} 8. f3 {[%emt 0:00:00]} h5 {[%emt 0:00:00]} 9. Qd2 {[%emt 0:00:00]} Nbd7 {[%emt 0:00:00]} 10. O-O-O {[%emt 0:00:00]} Be7 {[%emt 0:00:00]} 11. Kb1 {[%emt 0:00:00]} Rc8 {[%emt 0:00:00]} 12. Nd5 {[%emt 0:00:00]} Nxd5 {[%emt 0:00:00]} 13. exd5 {[%emt 0:00:00]} Bf5 {[%emt 0:00:00]} 14. Bd3 {[%emt 0:00:00]} Bxd3 {[%emt 0:00:00]} 15. Qxd3 {[%emt 0:00:00]} Bg5 {[%emt 0:00:00]} 16. Nd2 {[%emt 0:00:00]} Bxe3 {[%emt 0:00:00]} 17. Qxe3 {[%emt 0:00:00]} Nb6 {[%emt 0:00:00]} 18. Qd3 {[%emt 0:00:00]} O-O {[%emt 0:00:00]} 19. g4 {[%emt 0:00:00]} hxg4 {[%emt 0:00:00]} 20. fxg4 {[%emt 0:00:00]} Nd7 {[%emt 0:00:00]} 21. h4 {[%emt 0:00:00]} Qc7 {[%emt 0:00:00]} 22. h5 {[%emt 0:02:13]} Nc5 {[%emt 0:00:00]} 23. Qf5 {[%emt 0:02:49]} Qd7 {[%emt 0:00:00]} 24. Qxd7 {[%emt 0:03:35]} Nxd7 {[%emt 0:00:00]} 25. Ne4 {[%emt 0:00:32]} Rc4 {[%emt 0:00:00]} 26. Nxd6 {[%emt 0:00:22]} Rxg4 {[%emt 0:00:00]} 27. Nxb7 {[%emt 0:02:20]} f5 {[%emt 0:00:00]} 28. b3 {[%emt 0:01:43]} f4 {[%emt 0:00:00]} 29. c4 {[%emt 0:01:42]} f3 {[%emt 0:00:00]} 30. c5 {[%emt 0:00:40]} Nf6 {[%emt 0:00:00]} 31. c6 {[%emt 0:00:31]} Ne4 {[%emt 0:00:00]} 32. Rc1 {[%emt 0:00:32]} Ng3 {[%emt 0:02:56]} 33. Rhd1 {[%emt 0:00:30]} Ne2 {[%emt 0:00:14]} 34. d6 {[%emt 0:00:30]} Nxc1 {[%emt 0:01:48]} 35. d7 {[%emt 0:00:25]} Rd4 {[%emt 0:06:36]} 36. Rxd4 {[%emt 0:00:32]} exd4 {[%emt 0:00:05]} 37. c7 {[%emt 0:00:11]} f2 {[%emt 0:00:05]} 38. c8=Q {[%emt 0:00:48]} f1=Q {[%emt 0:00:10]} 39. Qc4+ {[%emt 0:00:34]} Qxc4 {[%emt 0:00:16]} 40. bxc4 {[%emt 0:00:02]} Nd3 {[%emt 0:02:06]} 41. d8=Q {[%emt 0:00:44]} Rxd8 {[%emt 0:00:05]} 42. Nxd8 {[%emt 0:00:03]} Nf4 {[%emt 0:03:37]} 43. Kc2 {[%emt 0:01:07]} Kf8 {[%emt 0:01:12]} 44. Kd2 {[%emt 0:00:32]} Ke7 {[%emt 0:01:03]} 45. Nc6+ {[%emt 0:00:08]} Kd6 {[%emt 0:00:04]} 46. Nxd4 {[%emt 0:00:09]} Nxh5 {[%emt 0:00:08]} 47. Kd3 {[%emt 0:01:13]} g6 {[%emt 0:01:19]} 48. Nb3 {[%emt 0:00:29]} Nf4+ {[%emt 0:02:08]} 49. Ke4 {[%emt 0:00:32]} Ne6 {[%emt 0:00:08]} 50. Ke3 {[%emt 0:00:31]} Ke5 {[%emt 0:01:16]} 51. Nd2 {[%emt 0:00:30]} g5 {[%emt 0:00:37]} 52. Ne4 {[%emt 0:00:29]} g4 {[%emt 0:00:13]} 53. Ng3 {[%emt 0:00:31]} Nd4 {[%emt 0:00:53]} 54. Nh5 {[%emt 0:00:30]} Nf5+ {[%emt 0:00:24]} 55. Kf2 {[%emt 0:00:30]} Kd4 {[%emt 0:00:13]} 56. Nf4 {[%emt 0:00:30]} Kxc4 {[%emt 0:00:14]} 57. Ke2 {[%emt 0:00:29]} a5 {[%emt 0:00:43]} 58. Ng2 {[%emt 0:00:31]} Kc3 {[%emt 0:01:01]} 59. Kd1 {[%emt 0:00:30]} Kb2 {[%emt 0:00:41]} 60. Kd2 {[%emt 0:00:30]} Kxa2 {[%emt 0:00:08]} 61. Kc3 {[%emt 0:00:30]} g3 {[%emt 0:00:29]} 62. Kc2 {[%emt 0:00:30]} a4 {[%emt 0:00:17]} 63. Nf4 {[%emt 0:00:30]} Ne3+ {[%emt 0:00:27]} 64. Kd3 {[%emt 0:00:30]} g2 {[%emt 0:00:11]} 65. Ne2 {[%emt 0:00:29]} Kb2 {[%emt 0:00:28]} 66. Kxe3 {[%emt 0:00:28]} a3 {[%emt 0:00:06]} 67. Kf2 {[%emt 0:00:32]} a2 {[%emt 0:00:05]} 68. Nf4 {[%emt 0:00:31]} a1=Q {[%emt 0:00:10]} 69. Nd3+ {[%emt 0:00:06]} Kc3 {[%emt 0:00:09]} 70. Ke3 {[%emt 0:00:30]} 0-1

[Event "Excelsior March op"]
[Site "Toronto CAN"]
[Date "2024.03.16"]
[Round "2.3"]
[White "Preotu, Razvan"]
[Black "Zhao, Jifan"]
[Result "1-0"]
[WhiteElo "2545"]
[BlackElo "1842"]
[WhiteFideId "-1"]
[WhiteFideId "-1"]
[PlyCount "49"]
[GameId "2160767740051118"]
[EventDate "2024.03.15"]
[EventType "swiss"]
[EventRounds "5"]
[EventCountry "CAN"]
[TimeControl "90+30"]
[WhiteClock "0:35:07"]
[BlackClock "0:36:10"]

1. e4 {[%emt 0:00:00]} e6 {[%emt 0:00:00]} 2. d4 {[%emt 0:00:00]} d5 {[%emt 0:00:00]} 3. Nc3 {[%emt 0:00:00]} Nf6 {[%emt 0:00:00]} 4. e5 {[%emt 0:00:00]} Nfd7 {[%emt 0:00:00]} 5. f4 {[%emt 0:00:00]} c5 {[%emt 0:00:00]} 6. Nf3 {[%emt 0:00:00]} Nc6 {[%emt 0:00:00]} 7. Be3 {[%emt 0:00:00]} Be7 {[%emt 0:00:00]} 8. a3 {[%emt 0:00:00]} b6 {[%emt 0:00:00]} 9. Bb5 {[%emt 0:00:00]} Bb7 {[%emt 0:00:00]} 10. h4 {[%emt 0:00:00]} Na5 {[%emt 0:00:00]} 11. f5 {[%emt 0:00:00]} a6 {[%emt 0:00:00]} 12. Ng5 {[%emt 0:00:00]} axb5 {[%emt 0:00:00]} 13. fxe6 {[%emt 0:00:00]} Bxg5 {[%emt 0:00:00]} 14. Bxg5 {[%emt 0:00:00]} f6 {[%emt 0:00:00]} 15. exd7+ {[%emt 0:00:00]} Qxd7 {[%emt 0:00:00]} 16. exf6 {[%emt 0:00:00]} O-O {[%emt 0:00:00]} 17. O-O {[%emt 0:00:00]} h6 {[%emt 0:00:00]} 18. Bd2 {[%emt 0:00:00]} Nc4 {[%emt 0:00:00]} 19. b3 {[%emt 0:00:00]} Nd6 {[%emt 0:00:00]} 20. Qh5 {[%emt 0:00:00]} Ne4 {[%emt 0:00:00]} 21. Nxe4 {[%emt 0:00:00]} dxe4 {[%emt 0:00:00]} 22. fxg7 {[%emt 0:00:00]} Rxf1+ {[%emt 0:00:00]} 23. Rxf1 {[%emt 0:00:00]} Qe6 {[%emt 0:00:00]} 24. Bxh6 {[%emt 0:00:00]} cxd4 {[%emt 0:00:00]} 25. Rf8+ {[%emt 0:00:00]} 1-0

[Event "Excelsior March op"]
[Site "Toronto CAN"]
[Date "2024.03.16"]
[Round "3.1"]
[White "Preotu, Razvan"]
[Black "Rodrigue-Lemieux, Shawn"]
[Result "0-1"]
[WhiteElo "2545"]
[BlackElo "2477"]
[WhiteFideId "-1"]
[WhiteFideId "-1"]
[PlyCount "132"]
[GameId "2160767740051124"]
[EventDate "2024.03.15"]
[EventType "swiss"]
[EventRounds "5"]
[EventCountry "CAN"]
[TimeControl "90+30"]
[WhiteClock "0:01:22"]
[BlackClock "0:02:24"]

1. Nf3 {[%emt 0:00:00]} d5 {[%emt 0:00:00]} 2. g3 {[%emt 0:00:00]} Nf6 {[%emt 0:00:00]} 3. Bg2 {[%emt 0:00:00]} e6 {[%emt 0:00:00]} 4. O-O {[%emt 0:00:00]} Be7 {[%emt 0:00:00]} 5. c4 {[%emt 0:00:00]} O-O {[%emt 0:00:00]} 6. b3 {[%emt 0:00:00]} b6 {[%emt 0:00:00]} 7. cxd5 {[%emt 0:00:00]} exd5 {[%emt 0:00:00]} 8. Bb2 {[%emt 0:00:00]} Bb7 {[%emt 0:00:00]} 9. e3 {[%emt 0:00:00]} Nbd7 {[%emt 0:00:00]} 10. Nc3 {[%emt 0:00:00]} Re8 {[%emt 0:00:00]} 11. Rc1 {[%emt 0:00:00]} Nc5 {[%emt 0:00:00]} 12. d3 {[%emt 0:00:00]} a5 {[%emt 0:00:00]} 13. Qc2 {[%emt 0:00:00]} Bf8 {[%emt 0:00:00]} 14. Rfd1 {[%emt 0:00:00]} Ne6 {[%emt 0:00:00]} 15. Ne2 {[%emt 0:00:00]} Rc8 {[%emt 0:00:00]} 16. d4 {[%emt 0:00:00]} c6 {[%emt 0:00:00]} 17. h4 {[%emt 0:00:00]} Ne4 {[%emt 0:00:00]} 18. Ne5 {[%emt 0:00:00]} Nd6 {[%emt 0:00:00]} 19. Nc3 {[%emt 0:00:00]} f6 {[%emt 0:00:00]} 20. Nf3 {[%emt 0:00:00]} Qd7 {[%emt 0:00:00]} 21. Na4 {[%emt 0:00:00]} Qc7 {[%emt 0:00:00]} 22. Nd2 {[%emt 0:00:00]} f5 {[%emt 0:00:00]} 23. Ba3 {[%emt 0:00:00]} Ne4 {[%emt 0:00:00]} 24. Bxf8 {[%emt 0:00:00]} Nxf8 {[%emt 0:00:00]} 25. Nxe4 {[%emt 0:00:00]} fxe4 {[%emt 0:00:00]} 26. b4 {[%emt 0:00:00]} axb4 {[%emt 0:00:00]} 27. Qb3 {[%emt 0:00:00]} Ba6 {[%emt 0:00:16]} 28. Bh3 {[%emt 0:00:00]} Rcd8 {[%emt 0:04:38]} 29. Qxb4 {[%emt 0:00:00]} Rb8 {[%emt 0:00:30]} 30. Rc3 {[%emt 0:00:00]} Bc4 {[%emt 0:02:06]} 31. Rdc1 {[%emt 0:00:00]} Kh8 {[%emt 0:03:31]} 32. Bf1 {[%emt 0:00:00]} b5 {[%emt 0:00:23]} 33. Nc5 {[%emt 0:00:00]} Qc8 {[%emt 0:01:23]} 34. Kh2 {[%emt 0:00:00]} Qf5 {[%emt 0:00:42]} 35. Qb2 {[%emt 0:00:00]} g5 {[%emt 0:01:07]} 36. Bh3 {[%emt 0:00:00]} Qg6 {[%emt 0:00:45]} 37. hxg5 {[%emt 0:00:00]} Qxg5 {[%emt 0:00:02]} 38. Ra3 {[%emt 0:00:00]} Ra8 {[%emt 0:00:28]} 39. Rxa8 {[%emt 0:01:37]} Rxa8 {[%emt 0:00:02]} 40. a4 {[%emt 0:00:06]} Qf6 {[%emt 0:02:18]} 41. Kg1 {[%emt 0:00:21]} bxa4 {[%emt 0:02:15]} 42. Qb7 {[%emt 0:00:06]} Qd8 {[%emt 0:00:10]} 43. Qxc6 {[%emt 0:01:39]} a3 {[%emt 0:00:16]} 44. Nb7 {[%emt 0:00:09]} Qe7 {[%emt 0:00:36]} 45. Nc5 {[%emt 0:02:56]} Rb8 {[%emt 0:00:17]} 46. Qa4 {[%emt 0:08:15]} a2 {[%emt 0:00:05]} 47. Qd1 {[%emt 0:00:06]} Qf6 {[%emt 0:01:00]} 48. Bf1 {[%emt 0:00:41]} Rb2 {[%emt 0:01:27]} 49. Qe1 {[%emt 0:00:04]} Qf3 {[%emt 0:00:50]} 50. Na4 {[%emt 0:00:45]} Bxf1 {[%emt 0:00:48]} 51. Qxf1 {[%emt 0:00:04]} Rd2 {[%emt 0:00:17]} 52. Nc3 {[%emt 0:00:16]} Ne6 {[%emt 0:00:16]} 53. Nxd5 {[%emt 0:05:13]} Rb2 {[%emt 0:00:05]} 54. Ra1 {[%emt 0:04:35]} h5 {[%emt 0:00:04]} 55. Nc3 {[%emt 0:00:26]} Ng5 {[%emt 0:01:16]} 56. Rxa2 {[%emt 0:00:07]} Nh3+ {[%emt 0:00:05]} 57. Kh2 {[%emt 0:00:04]} Rxa2 {[%emt 0:00:25]} 58. Nxa2 {[%emt 0:00:02]} Nxf2 {[%emt 0:00:07]} 59. Qb1 {[%emt 0:01:38]} Ng4+ {[%emt 0:00:16]} 60. Kh3 {[%emt 0:00:04]} Nf2+ {[%emt 0:00:02]} 61. Kh2 {[%emt 0:00:06]} Ng4+ {[%emt 0:01:44]} 62. Kh3 {[%emt 0:00:04]} Nf6 {[%emt 0:00:36]} 63. Kh2 {[%emt 0:02:45]} h4 {[%emt 0:00:31]} 64. Qg1 {[%emt 0:00:48]} Ng4+ {[%emt 0:00:10]} 65. Kh3 {[%emt 0:00:01]} Nf2+ {[%emt 0:00:13]} 66. Kh2 {[%emt 0:00:10]} hxg3+ {[%emt 0:00:04]} 0-1

[Event "Excelsior March op"]
[Site "Toronto CAN"]
[Date "2024.03.17"]
[Round "5.2"]
[White "Sambuev, Bator"]
[Black "Preotu, Razvan"]
[Result "0-1"]
[WhiteElo "2465"]
[BlackElo "2545"]
[WhiteFideId "-1"]
[WhiteFideId "-1"]
[PlyCount "76"]
[GameId "2160767740231365"]
[EventDate "2024.03.15"]
[EventType "swiss"]
[EventRounds "5"]
[EventCountry "CAN"]
[TimeControl "90+30"]
[WhiteClock "0:00:37"]
[BlackClock "0:10:00"]

1. d4 {[%emt 0:00:00]} d5 {[%emt 0:00:00]} 2. c4 {[%emt 0:00:00]} c6 {[%emt 0:00:00]} 3. Nf3 {[%emt 0:00:00]} Nf6 {[%emt 0:00:00]} 4. e3 {[%emt 0:00:00]} Bf5 {[%emt 0:00:00]} 5. Nc3 {[%emt 0:00:00]} e6 {[%emt 0:00:00]} 6. Nh4 {[%emt 0:00:00]} Be4 {[%emt 0:00:00]} 7. f3 {[%emt 0:00:00]} Bg6 {[%emt 0:00:00]} 8. Qb3 {[%emt 0:00:00]} Qc7 {[%emt 0:00:00]} 9. g3 {[%emt 0:00:00]} Be7 {[%emt 0:00:00]} 10. cxd5 {[%emt 0:00:00]} cxd5 {[%emt 0:00:00]} 11. Nxg6 {[%emt 0:00:00]} hxg6 {[%emt 0:00:00]} 12. e4 {[%emt 0:00:00]} Nc6 {[%emt 0:00:00]} 13. Bf4 {[%emt 0:00:00]} Qd7 {[%emt 0:00:00]} 14. O-O-O {[%emt 0:00:00]} a6 {[%emt 0:00:00]} 15. Kb1 {[%emt 0:00:00]} b5 {[%emt 0:00:00]} 16. exd5 {[%emt 0:00:00]} exd5 {[%emt 0:00:00]} 17. h4 {[%emt 0:00:00]} Na5 {[%emt 0:00:00]} 18. Qc2 {[%emt 0:00:00]} Nc4 {[%emt 0:00:00]} 19. Bxc4 {[%emt 0:00:00]} dxc4 {[%emt 0:00:00]} 20. d5 {[%emt 0:00:00]} Bd6 {[%emt 0:00:00]} 21. Rhe1+ {[%emt 0:00:00]} Kf8 {[%emt 0:00:00]} 22. Be5 {[%emt 0:00:00]} Bxe5 {[%emt 0:00:00]} 23. Rxe5 {[%emt 0:00:00]} Rh5 {[%emt 0:00:00]} 24. Rxh5 {[%emt 0:00:00]} gxh5 {[%emt 0:00:00]} 25. d6 {[%emt 0:00:00]} Qe6 {[%emt 0:00:00]} 26. Ne2 {[%emt 0:00:00]} Rd8 {[%emt 0:00:00]} 27. Nf4 {[%emt 0:00:00]} Qe5 {[%emt 0:00:00]} 28. Qd2 {[%emt 0:00:00]} Rd7 {[%emt 0:00:00]} 29. a3 {[%emt 0:00:00]} Ne8 {[%emt 0:00:00]} 30. Qb4 {[%emt 0:00:00]} Qe3 {[%emt 0:00:00]} 31. Re1 {[%emt 0:05:51]} Qxf3 {[%emt 0:00:00]} 32. Qc5 {[%emt 0:00:36]} Nxd6 {[%emt 0:00:00]} 33. Re3 {[%emt 0:01:48]} Qg4 {[%emt 0:01:26]} 34. Qc6 {[%emt 0:03:22]} Rd8 {[%emt 0:01:44]} 35. Qb6 {[%emt 0:02:49]} Qd1+ {[%emt 0:05:38]} 36. Ka2 {[%emt 0:00:06]} Ne4 {[%emt 0:00:07]} 37. Nh3 {[%emt 0:04:45]} c3 {[%emt 0:01:17]} 38. Qc6 {[%emt 0:00:36]} cxb2 {[%emt 0:00:18]} 0-1

[Event "Excelsior February Rapid"]
[Site "Toronto CAN"]
[Date "2024.02.17"]
[Round "1"]
[White "Levesque, Tom"]
[Black "Preotu, Razvan"]
[Result "0-1"]
[WhiteElo "1026"]
[BlackElo "2541"]
[WhiteFideId "-1"]
[WhiteFideId "-1"]
[PlyCount "66"]
[GameId "2160767906064989"]
[EventDate "2024.02.17"]
[EventType "swiss (rapid)"]
[EventRounds "6"]
[EventCountry "CAN"]

1. d4 Nf6 2. c4 g6 3. Nc3 d5 4. cxd5 Nxd5 5. e4 Nxc3 6. bxc3 Bg7 7. Nf3 c5 8. Be2 Nc6 9. O-O cxd4 10. cxd4 Nxd4 11. Nxd4 Qxd4 12. Qxd4 Bxd4 13. Rb1 O-O 14. Rd1 Bb6 15. Bh6 Rd8 16. Rxd8+ Bxd8 17. Rd1 Be6 18. a4 Bb6 19. h4 Bb3 20. Rd7 Bxa4 21. Rxb7 Re8 22. g4 Bc6 23. Rxb6 axb6 24. e5 b5 25. f4 b4 26. Bd1 Rd8 27. Bb3 Rd3 28. Bc4 Rc3 29. Ba2 Rc1+ 30. Kf2 Rc2+ 31. Kg3 Rxa2 32. h5 b3 33. hxg6 hxg6 0-1

[Event "Excelsior February Rapid"]
[Site "Toronto CAN"]
[Date "2024.02.17"]
[Round "2"]
[White "Preotu, Razvan"]
[Black "Abdelwahed, Loay"]
[Result "1-0"]
[WhiteElo "2541"]
[BlackElo "1375"]
[WhiteFideId "-1"]
[WhiteFideId "-1"]
[PlyCount "47"]
[GameId "2160767740297080"]
[EventDate "2024.02.17"]
[EventType "swiss (rapid)"]
[EventRounds "6"]
[EventCountry "CAN"]
[TimeControl "10+10"]

1. e4 {[%emt 0:00:00]} c6 {[%emt 0:00:00]} 2. Nc3 {[%emt 0:00:00]} d5 {[%emt 0:00:00]} 3. Nf3 {[%emt 0:00:00]} Bg4 {[%emt 0:00:00]} 4. h3 {[%emt 0:00:00]} Bxf3 {[%emt 0:00:00]} 5. Qxf3 {[%emt 0:00:00]} e6 {[%emt 0:00:00]} 6. Be2 {[%emt 0:00:00]} Nf6 {[%emt 0:00:00]} 7. O-O {[%emt 0:00:00]} Be7 {[%emt 0:00:00]} 8. d3 {[%emt 0:00:00]} a5 {[%emt 0:00:00]} 9. Qg3 {[%emt 0:00:00]} O-O {[%emt 0:00:00]} 10. e5 {[%emt 0:00:00]} Ne8 {[%emt 0:00:00]} 11. d4 {[%emt 0:00:00]} c5 {[%emt 0:00:00]} 12. dxc5 {[%emt 0:00:00]} Bxc5 {[%emt 0:00:00]} 13. Bf4 {[%emt 0:00:00]} Nc6 {[%emt 0:00:00]} 14. Rad1 {[%emt 0:00:00]} Qc8 {[%emt 0:00:00]} 15. Nb5 {[%emt 0:00:00]} Nb4 {[%emt 0:00:00]} 16. a3 {[%emt 0:00:00]} Nc6 {[%emt 0:00:00]} 17. c4 {[%emt 0:00:00]} dxc4 {[%emt 0:00:00]} 18. Bxc4 {[%emt 0:00:00]} a4 {[%emt 0:00:00]} 19. Bd3 {[%emt 0:00:00]} Ne7 {[%emt 0:00:00]} 20. Be4 {[%emt 0:00:00]} Ra5 {[%emt 0:00:00]} 21. Nd6 {[%emt 0:00:00]} Nxd6 {[%emt 0:00:00]} 22. exd6 {[%emt 0:00:00]} Ng6 {[%emt 0:00:00]} 23. d7 {[%emt 0:00:00]} Qa8 {[%emt 0:00:00]} 24. Bc7 {[%emt 0:00:13]} 1-0

[Event "Excelsior February Rapid"]
[Site "Toronto CAN"]
[Date "2024.02.17"]
[Round "3"]
[White "Pham, Thai"]
[Black "Preotu, Razvan"]
[Result "0-1"]
[WhiteElo "1549"]
[BlackElo "2541"]
[WhiteFideId "-1"]
[WhiteFideId "-1"]
[PlyCount "94"]
[GameId "2160767740297088"]
[EventDate "2024.02.17"]
[EventType "swiss (rapid)"]
[EventRounds "6"]
[EventCountry "CAN"]
[TimeControl "10+10"]

1. d4 {[%emt 0:00:00]} Nf6 {[%emt 0:00:00]} 2. Nf3 {[%emt 0:00:00]} d5 {[%emt 0:00:00]} 3. g3 {[%emt 0:00:00]} c5 {[%emt 0:00:00]} 4. c3 {[%emt 0:00:00]} cxd4 {[%emt 0:00:00]} 5. cxd4 {[%emt 0:00:00]} Nc6 {[%emt 0:00:00]} 6. Bg2 {[%emt 0:00:00]} Bf5 {[%emt 0:00:00]} 7. O-O {[%emt 0:00:00]} e6 {[%emt 0:00:00]} 8. Nc3 {[%emt 0:00:00]} h6 {[%emt 0:00:00]} 9. Qb3 {[%emt 0:00:00]} a6 {[%emt 0:00:00]} 10. Bf4 {[%emt 0:00:00]} Na5 {[%emt 0:00:00]} 11. Qd1 {[%emt 0:00:00]} Be7 {[%emt 0:00:00]} 12. Nd2 {[%emt 0:00:00]} O-O {[%emt 0:00:00]} 13. e4 {[%emt 0:00:00]} dxe4 {[%emt 0:00:00]} 14. Ndxe4 {[%emt 0:00:00]} Nxe4 {[%emt 0:00:00]} 15. Nxe4 {[%emt 0:00:00]} Qb6 {[%emt 0:00:00]} 16. b3 {[%emt 0:00:00]} Rfd8 {[%emt 0:00:00]} 17. Be3 {[%emt 0:00:00]} Bxe4 {[%emt 0:00:00]} 18. Bxe4 {[%emt 0:00:00]} Bf6 {[%emt 0:00:01]} 19. Rc1 {[%emt 0:00:00]} Bxd4 {[%emt 0:00:05]} 20. Bxd4 {[%emt 0:00:00]} Rxd4 {[%emt 0:00:02]} 21. Qc2 {[%emt 0:00:00]} Rad8 {[%emt 0:00:05]} 22. Bg2 {[%emt 0:00:00]} Rd2 {[%emt 0:00:14]} 23. Qc7 {[%emt 0:00:00]} Qxc7 {[%emt 0:00:08]} 24. Rc4 {[%emt 0:00:02]} Qc6 {[%emt 0:00:10]} 25. Rxc6 {[%emt 0:00:04]} Rb2 {[%emt 0:03:35]} 26. Rc7 {[%emt 0:00:11]} Rxa2 {[%emt 0:00:00]} 27. b4 {[%emt 0:00:16]} Nc6 {[%emt 0:00:00]} 28. Bxc6 {[%emt 0:00:36]} bxc6 {[%emt 0:00:00]} 29. Rxc6 {[%emt 0:00:03]} Rdd2 {[%emt 0:00:00]} 30. Rb6 {[%emt 0:00:37]} Rdb2 {[%emt 0:00:00]} 31. h4 {[%emt 0:00:38]} g5 {[%emt 0:00:00]} 32. hxg5 {[%emt 0:01:03]} hxg5 {[%emt 0:00:00]} 33. g4 {[%emt 0:00:49]} Ra4 {[%emt 0:00:00]} 34. Kg2 {[%emt 0:00:57]} Rbxb4 {[%emt 0:00:00]} 35. Rxb4 {[%emt 0:00:03]} Rxb4 {[%emt 0:00:00]} 36. Kg3 {[%emt 0:00:11]} a5 {[%emt 0:00:00]} 37. Rc1 {[%emt 0:00:07]} Rb8 {[%emt 0:00:08]} 38. Rc5 {[%emt 0:00:32]} Ra8 {[%emt 0:00:02]} 39. Rxg5+ {[%emt 0:00:09]} Kf8 {[%emt 0:00:02]} 40. Rh5 {[%emt 0:00:04]} Ke7 {[%emt 0:00:02]} 41. Kf4 {[%emt 0:00:09]} a4 {[%emt 0:00:01]} 42. Rh1 {[%emt 0:00:21]} a3 {[%emt 0:00:02]} 43. Ke3 {[%emt 0:00:09]} a2 {[%emt 0:00:04]} 44. Ra1 {[%emt 0:00:02]} Kd6 {[%emt 0:00:11]} 45. Kd3 {[%emt 0:00:08]} Ke5 {[%emt 0:00:04]} 46. f3 {[%emt 0:00:19]} Kf4 {[%emt 0:00:03]} 47. Ke2 {[%emt 0:00:02]} Ra3 {[%emt 0:00:03]} 0-1

[Event "Excelsior February Rapid"]
[Site "Toronto CAN"]
[Date "2024.02.17"]
[Round "4"]
[White "Preotu, Razvan"]
[Black "Grosman, Ari"]
[Result "1-0"]
[WhiteElo "2541"]
[BlackElo "1113"]
[WhiteFideId "-1"]
[WhiteFideId "-1"]
[PlyCount "47"]
[GameId "2160767740297097"]
[EventDate "2024.02.17"]
[EventType "swiss (rapid)"]
[EventRounds "6"]
[EventCountry "CAN"]
[TimeControl "10+10"]

1. e4 {[%emt 0:00:00]} e6 {[%emt 0:00:00]} 2. d4 {[%emt 0:00:00]} d5 {[%emt 0:00:00]} 3. Nc3 {[%emt 0:00:00]} Nf6 {[%emt 0:00:00]} 4. e5 {[%emt 0:00:00]} Nfd7 {[%emt 0:00:00]} 5. f4 {[%emt 0:00:00]} c5 {[%emt 0:00:00]} 6. Nf3 {[%emt 0:00:00]} Nc6 {[%emt 0:00:00]} 7. Be3 {[%emt 0:00:00]} cxd4 {[%emt 0:00:00]} 8. Nxd4 {[%emt 0:00:00]} Bc5 {[%emt 0:00:00]} 9. Qd2 {[%emt 0:00:00]} O-O {[%emt 0:00:00]} 10. O-O-O {[%emt 0:00:00]} a6 {[%emt 0:00:00]} 11. Nb3 {[%emt 0:00:00]} Bxe3 {[%emt 0:00:00]} 12. Qxe3 {[%emt 0:00:00]} Qb6 {[%emt 0:00:00]} 13. Qh3 {[%emt 0:00:00]} Rd8 {[%emt 0:00:00]} 14. Bd3 {[%emt 0:00:00]} Nf8 {[%emt 0:00:00]} 15. Rhf1 {[%emt 0:00:00]} a5 {[%emt 0:00:00]} 16. a3 {[%emt 0:00:00]} a4 {[%emt 0:00:00]} 17. Nd2 {[%emt 0:00:00]} Na7 {[%emt 0:00:00]} 18. Rf3 {[%emt 0:00:00]} Qc6 {[%emt 0:00:00]} 19. Qh4 {[%emt 0:00:00]} b5 {[%emt 0:00:00]} 20. Qxd8 {[%emt 0:00:00]} b4 {[%emt 0:00:00]} 21. Bxh7+ {[%emt 0:00:00]} Kxh7 {[%emt 0:00:00]} 22. Qxf8 {[%emt 0:00:00]} bxc3 {[%emt 0:00:18]} 23. Rh3+ {[%emt 0:00:00]} Kg6 {[%emt 0:00:01]} 24. Rg3+ {[%emt 0:00:00]} 1-0